| 000 | 00798nam a2200241Ia 4500 | ||
|---|---|---|---|
| 001 | 15513 | ||
| 003 | GE_BSU | ||
| 008 | 181216s||||||||xx |||||||||||||| ||und|| | ||
| 040 | _cGE_BSU | ||
| 080 | _a821.353.1-1+821.353.1-11 | ||
| 100 | _aჩახავა,ჯემალ | ||
| 245 | _aაღსარება | ||
| 245 | _bლექსები და პოემები | ||
| 245 | _cრედ.ე.მოისწრაფიშვილი. მხატვ.ე.ხიდაშელი | ||
| 250 | _aმე-2 გამოც. | ||
| 260 | _aთბილისი | ||
| 260 | _bსაქართველო | ||
| 260 | _c1991 | ||
| 300 | _a269გვ.20სმ. | ||
| 653 | _aაღსარება | ||
| 653 | _aლექსები და პოემები | ||
| 942 | _cBK | ||
| 999 |
_c48613 _d48613 |
||